MARC

LEADER 00000nam0a2200000 4500
001 300276
005 20231102001303.0
035 |a (RuTPU)RU\TPU\book\325429 
090 |a 300276 
100 |a 20150708d1982 m y0rusy50 ca 
101 0 |a rus 
102 |a RU 
105 |a a j 001zy 
200 1 |a Технико-экономический анализ деятельности машиностроительных предприятий (объединений)  |e [учебное пособие]  |f В. И. Дворецкий, И. Л. Розенблит  |g Научно-техническое общество машиностроительной промышленности (НТО Машпром), Центральное правление ; Университет технического прогресса в машиностроении 
210 |a Москва  |c Машиностроение  |d 1982 
215 |a 48 с.  |c ил. 
320 |a Библиогр.: с. 48 
606 1 |a Машиностроительные заводы  |x Анализ хозяйственной деятельности  |x Математические методы  |2 stltpush  |3 (RuTPU)RU\TPU\subj\41540  |9 61330 
610 1 |a учебные пособия 
610 1 |a заочное образование 
610 1 |a заочное обучение 
610 1 |a повышение 
610 1 |a квалификация 
675 |a 621.002:658.511(07)  |v 4 
700 1 |a Дворецкий  |b В. И.  |g Валерий Израилевич 
701 1 |a Розенблит  |b И. Л.  |g Исаак Лейбович 
712 0 2 |a Научно-техническое общество машиностроительной промышленности (НТО Машпром)  |b Центральное правление  |f (1955-1985)  |2 stltpush  |3 (RuTPU)RU\TPU\col\21679 
712 0 2 |a Университет технического прогресса в машиностроении  |2 stltpush  |3 (RuTPU)RU\TPU\col\8721  |9 24571 
801 1 |a RU  |b 63413507  |c 20150708 
801 2 |a RU  |b 63413507  |c 20171006  |g RCR 
942 |c BK